| 000 | 01240cam a22002174a 4500 | ||
|---|---|---|---|
| 005 | 20250605164214.0 | ||
| 008 | 250528s ||||||||||||||||||||||||d | ||
| 035 | _a20404 | ||
| 020 | _a415036046 | ||
| 040 |
_aGR-AtMCL _bgre _dGR-AtMCL _eAACR2 |
||
| 245 | 1 | _aThe Known World of Broadcast News / International News and the Electronic Media | |
| 250 | _a1st | ||
| 260 |
_bRouledge, _c1990 |
||
| 300 | _a268 | ||
| 520 | _aThis book analyses recent advancements in news broadcasting. Preface, A Day in the Life of the World, Broadcast News in the USA: Turmoil and Realignment and Restructuring of the Traditional Operators, The Traditional News Broadcasters in Britain: New Establishments Fighting Older Institutions, Medium-Sized Traditional Operators in Europe: The Example of Broadcast News in Sweden, Challenging the Traditional Broadcasters: New players in the News Game, The International News Broadcasters: Information and Disinformation and Improvised Truth, Meeting the Elephant: Broadcast News Views the World, Which News and Why? Understanding the Forces that Shape the News, References, Index. | ||
| 700 | 1 |
_aBaran Stanley J. _96385 |
|
| 700 | 1 |
_aWallis Roger _96371 |
|
| 942 | _cBK | ||
| 999 |
_c5513 _d5513 |
||